1456 1956 1102 1216 1972 1495 1289 1239 1324 1724 1271 1338 1280 1036 1051 1913 1472 1168 1951 1002 1324 1849 1049 1201 1479 1623 1282 1692 1960 1700 1412 1518 1481 1458 1071 1353 1958 1009 1290 1380 1137 1520 1966 1983 1941 1936 1295 1235 1139 1207 1154 1607 1762 1118 1828 1821 1502 1385 1552 1392 1049 1845 1780 1119 1774 1130 1887 1038 1353 1701 1656 1146 1862 1626 1899 1907 1345 1291 1831 1044 1737 1532 1912 1272 1728 1446 1494 1542 1123 1771 1185 1970 1428 1656 1671 1863 1876 1031 1965 BCNSPRNW ULIB Ver.6.0+V

เปลี่ยนเป็นภาษาไทย

Change to English
 แสดงรายละเอียดบรรณานุกรม
  กลับหน้าหลัก

Brief Record : Get Marc (ISO 2709) : E-mail record : QR code < ปิดหน้าต่าง
LEADER : 00000nam 2200000uu 4500
001    13399111983
003     ULIB
008    110627s2550||||th 000 0 tha d
020    9789747552447
090    นว.^bT111ต 2550
100 0  Tiara
245 00 ต่อรักเติมใจ/^cTiara
250    พิมพ์ครั้งที่ 2
260    กรุงเทพฯ :^bแจ่มใส,^c2550
300    236 หน้า
710 1  แจ่มใส
945    ^p149^l0^i022012
995    ทศพร
999 ^a ใช้งานได้ทุกระบบ
รายการนี้ยังไม่มีแท็ก
คุณยังไม่ได้ล็อกอิน คุณสามารถมีกิจกรรมร่วมกับเว็บไซต์ได้ แต่ต้องล็อกอินก่อน ::
  ล็อกอิน

รายการสื่อสารสนเทศ

ลำดับที่ ประเภท เลขเรียก/บาร์โค้ด สถานที่ สถานะ
- ไม่พบข้อมูล -

รายการใกล้เคียง
    ผู้แต่ง [Tiara]

BibComment


ยังไม่เคยถูกคอมเมนท์

คอมเมนท์ทรัพยากรรายการนี้
  คอมเมนท์: ต่อรักเติมใจ Tiara


 Copyright 2026. Bcnsprnw @Library